Statistiques concernant Culture Générale - Série 1974

Cliquez ici pour prendre le quiz!

Statistiques générales

  • Ce quiz a été pris 56 fois
  • Le résultat moyen est 5 sur 10

Statistiques - réponses

QuestionRéponse% Correct
Quel a été l'emblématique entraîneur de l'équipe de football de l'A.J Auxerre ?Guy Roux
78%
De quel pays le yuan ou renminbi est-il la devise nationale ?Chine
76%
A quel pays vous fait penser le mot "estampe" ?Japon
74%
Quel était le prénom de l'homme politique français Gambetta, inhumé au Panthéon ?Léon
69%
Quel animal est parfois appelé "sentinelle du désert" ? voir photosuricate
67%
Comment appelle-t-on un vase pour une seule fleur ?soliflore
54%
Quel verbe du 1er groupe commençant par "m" signifie "préparer avec beaucoup de soin un mets" ?mitonner
48%
Quel mot anglais désigne un état hallucinatoire causé par une prise de drogue ?trip
39%
Quel animal est un "cob" ?cheval
26%
Quelle espèce d'arbre est le rônier ou rondier ?palmier
6%

Distribution des résultats

Percentile par nombre de réponses

% des personnes avec chaque résultat

Votre développement - résultats

Vous n’avez pas pris ce quiz